Lengua, ciencias, escuela, sociedad: para una educación lingüística integral

Na minha lista:
Detalhes bibliográficos
Autor principal: Viramonte de Avalos, Magdalena (Author)
Formato: Livro
Idioma:espanhol
Publicado em: Buenos Aires Colihue 1997
Colecção:Colección Nuevos Caminos
Assuntos:
Tags: Adicionar Tag
Sem tags, seja o primeiro a adicionar uma tag!

MARC

LEADER 00000nam a2200000 a 4500
001 UCO9207
003 CL-VaPUC
008 010119e19970000AG |||||||||||||||||spa|d
020 |a 9505816588 
082 0 4 |a 372.6  |b VIR  |2 21 
100 0 |a Viramonte de Avalos, Magdalena  |e author  |9 454209 
245 1 0 |a Lengua, ciencias, escuela, sociedad: para una educación lingüística integral 
300 |a 145 p 
942 |c BK 
945 |d 20010119 00:00:00  |a cmena 
260 |a Buenos Aires  |b Colihue  |c 1997 
650 0 |a Educación lingüística  |9 306506 
650 0 |a Métodos de enseñanza  |9 270413 
650 0 |a Aspectos sociales  |9 254894 
650 0 |a Filosofía del lenguaje  |9 257082 
583 |a last modification  |c 20010119 00:00:00  |k Rodrigo Vera 
490 0 |a Colección Nuevos Caminos 
999 |c 293481  |d 293479 
952 |0 0  |1 0  |4 0  |6 372_600000000000000_VIR_1997  |7 0  |8 A  |9 345040  |a FDOPOS  |b FDOPOS  |d 2019-11-20  |i 3684202  |o 372.6 VIR 1997  |p 3684202  |r 2025-01-22  |w 2019-11-20  |y BK  |k MLA 
952 |0 0  |1 0  |4 0  |6 372_600000000000000_VIR_1997  |7 0  |8 A  |9 345041  |a FDOPOS  |b FDOPOS  |d 2019-11-20  |i 3691691  |o 372.6 VIR 1997  |p 3691691  |r 2025-01-22  |w 2019-11-20  |y BK  |k MLA 
952 |0 0  |1 0  |4 0  |6 372_600000000000000_VIR_1997  |7 0  |8 A  |9 345042  |a FDOPOS  |b FDOPOS  |d 2019-11-20  |i 4099648  |o 372.6 VIR 1997  |p 4099648  |r 2025-01-22  |w 2019-11-20  |y BK  |k MLA